Estructuras de datos

Bibliographic Details
Main Authors: Cairó, Osvaldo, Guardati, Silvia
Format: Section = Libro
Language:Undetermined
Spanish
Published: México México 2006
Edition:3a.ed
Subjects:
LEADER 00687nam a2200265Ia 4500
008 240830s9999 xx 000 0 und d
020 |a 970-10-5908-5 
040 |a B-ESTELÍ- RUACS / 005.73 C136 
041 |a spa 
082 |a 005.73 C136  
100 1 |a Cairó, Osvaldo 
100 1 |b  Guardati, Silvia 
245 1 0 |a Estructuras de datos 
250 |a 3a.ed 
260 |a México  |b México  |c 2006 
300 |a 467 p. :il 
650 7 |a ESTRUCTURAS DE DATOS 
650 7 |b  PILAS Y COLAS 
650 7 |c  ARBOLES BINARIOS 
650 7 |d  GRAFICAS DIRIGIDAS 
650 7 |e  MÉTODOS DE ORDENACION 
650 7 |f  MÉTODOS DE BUSQUEDAS 
942 |c BK  |2 ddc 
991 |a TEXTO 
999 |c 10595